000
00314nam a2200109Ia 4500
008
171211s9999 xx 000 0 und d
245
_a
Emil O. Forrer und die Anfänge der Hethitologie
245
_c
Robert Oberheid
260
_c
2007
650
_x
Biography
856
_u
http://down.ebook777.com/058/3110194341.pdf
999
_c
349991
_d
349991